000 00604nam a22001937a 4500
005 20240925150613.0
010 _aENG-141776
020 _a9789359642826
_c250.00
035 _aEN-125308
037 _bDBAD
082 _a323.443
100 _aSharma, Vikas
_971957
245 _aMedia Revolution 2030/
_cBy Vikas Sharma
250 _a1
260 _aNew Delhi
_bDiamond Pocket Books
_c2024
270 _aX- 30, Okhla Industrial Area, Phase-II
_bNew Delhi
_e110020
_mwecare@diamondbooks.in
_k011-40712100
_k011-41611861
300 _a176p.
_c22cm(pb)
942 _2ddc
_cEN
_h323.443
_mSHA
999 _c205888
_d205888